El capuchino retirado por diez dias en si mismo, exercicios espirituales para uso de los frayles menores capuchinos de San Francisco

Detalles Bibliográficos
Formato: Libro
Publicado: Madrid 1780
Materias:
Colección:Banco de datos
Acervo:Biblioteca del Colegio de San Francisco Javier. Tepotzotlán. Estado de México
Tema general:Ascética
Notas:Mala. Fondo General.
LEADER 00750nam a22001810004500
035 |a 53356 
036 |a 751 
245 1 0 |a El capuchino retirado por diez dias en si mismo, exercicios espirituales para uso de los frayles menores capuchinos de San Francisco  |c tr. Fray Francisco de Santander 
260 |a Madrid  |b Manuel Martín  |c 1780 
500 |a Mala. Fondo General. 
650 1 0 |a Ascética 
949 |a M.N.V. 
959 |a Ex colegio de San Francisco Javier, Museo Nacional del Virreinato. Edo. de México  |b CCC6 
960 |a Colegio de San Francisco Javier, Tepotzotlán Estado de México  |b DD89 
961 |a Jesuita  |b OJ 
942 |c M.N.V. 
943 |g Biblioteca del Colegio de San Francisco Javier. Tepotzotlán. Estado de México 
999 |c 951521  |d 951521